[Event "England Cricket Team Tribute"]
[Site "SchemingMind.com"]
[Date "2015.06.03"]
[Round "-"]
[White "Scooter"]
[Black "frankly"]
[Result "0-1"]
[WhiteCountry "USA"]
[BlackCountry "ENG"]
[WhiteElo "1726"]
[WhiteRD "46"]
[BlackElo "2425"]
[BlackRD "59"]
[GameID "381582"]

1. d4 Nf6 2. Nf3 d5 3. Bf4 Bf5 4. e3 e6 5. Bd3 Bd6 6. Bxf5 exf5 7. Bxd6 Qxd6 8. c3 Nbd7 9. O-O O-O 10. Nbd2 c5
11. Rc1 c4 12. Re1 b5 13. h3 Ne4 14. Nxe4 fxe4 15. Nh2 a5 16. b3 Nb6 17. Nf1 Rfc8 18. Nd2 cxb3 19. axb3 a4 20. bxa4 bxa4
21. Qc2 Qa3 22. Nb1 Qe7 23. Nd2 Qc7 24. Qa2 a3 25. Rc2 Nc4 26. Nxc4 Qxc4 27. Rec1 Rcb8 28. Qxc4 dxc4 29. Kh2 f5 30. Ra2 Kf7
31. Kg3 Ke6 32. f4 h6 33. h4 Kd5 34. h5 Rb3 35. Kh3 Rb2 36. Rxb2 axb2 37. Rb1 Rb8 38. Kg3 Rb3 39. Kf2 Rxc3 40. Rxb2 Rb3
41. Rc2 c3 42. Ke1 Rb1+ 43. Ke2 Kc4
0-1

[Event "England Cricket Team Tribute"]
[Site "SchemingMind.com"]
[Date "2015.06.11"]
[Round "-"]
[White "emvarela"]
[Black "Scooter"]
[Result "1/2-1/2"]
[WhiteCountry "ARG"]
[BlackCountry "USA"]
[WhiteElo "1722"]
[WhiteRD "46"]
[BlackElo "1723"]
[BlackRD "47"]
[GameID "381706"]

1. e4 c6 2. d4 d5 3. Nc3 dxe4 4. Nxe4 Bf5 5. Ng3 Bg6 6. h4 h6 7. Nf3 Nd7 8. h5 Bh7 9. Bd3 Bxd3 10. Qxd3 Qc7
11. Bd2 O-O-O 12. O-O-O e6 13. c4 Ngf6 14. Ne4 Nxe4 15. Qxe4 Be7 16. Bf4 Bd6 17. Bxd6 Qxd6 18. c5 Nf6 19. Qe5 Qxe5 20. Nxe5 Rhf8
21. f3 Nd7 22. Nxd7 Rxd7 23. Rd3 Rd5 24. g4 Rfd8 25. Rhd1 e5 26. b4 exd4 27. Kc2 R8d7 28. Kb3 b5 29. cxb6 axb6 30. a4 b5
31. axb5 cxb5 32. Rc1+ Rc7 33. Rcd1 Rc4 34. f4 Kd7 35. Ra1 Ke6 36. Re1+ Kd6 37. Re8 Kd7 38. Rg8 Ke7 39. Ra8 g6 40. hxg6 fxg6
41. Ra7+ Rd7 42. Ra6 Rd6 43. Ra7+ Kf6 44. Rh7 Re6 45. Rxh6 Re3 46. Rh3 Rxd3+ 47. Rxd3 Ke6 48. Rf3 Kd5 49. f5 gxf5 50. gxf5 Ke4
51. Rf1 Rc7 52. f6 Rf7 53. Kc2 Ke3 54. Re1+ Kf2 55. Re5 Rxf6 56. Rxb5 Ke3 57. Re5+ Kf4 58. Re1 Rb6 59. Rb1= Ke3 60. Rb3+ Ke2
61. b5 d3+ 62. Rxd3 Rxb5=
1/2-1/2

[Event "England Cricket Team Tribute"]
[Site "SchemingMind.com"]
[Date "2015.06.11"]
[Round "-"]
[White "emvarela"]
[Black "frankly"]
[Result "0-1"]
[WhiteCountry "ARG"]
[BlackCountry "ENG"]
[WhiteElo "1735"]
[WhiteRD "50"]
[BlackElo "2460"]
[BlackRD "56"]
[GameID "381707"]

1. e4 c5 2. Nf3 Nc6 3. d4 cxd4 4. Nxd4 e5 5. Nxc6 bxc6 6. Nc3 Nf6 7. Bg5 Rb8 8. Qc1 h6 9. Bxf6 Qxf6 10. Bc4 Bc5
11. O-O Bd4 12. Bb3 Ba6 13. Qd2 Bxf1 14. Rxf1 O-O 15. Nd1 Rb7 16. c3 Bc5 17. Ne3 Bxe3 18. Qxe3 a5 19. Qc1 Rfb8 20. f4 Kh8
21. fxe5 Qxe5 22. Rxf7 Qc5+ 23. Kh1 a4 24. Bc2 Rxb2
0-1

[Event "England Cricket Team Tribute"]
[Site "SchemingMind.com"]
[Date "2015.06.14"]
[Round "-"]
[White "William Lindberg"]
[Black "emvarela"]
[Result "1-0"]
[WhiteCountry "USA"]
[BlackCountry "ARG"]
[WhiteElo "2227"]
[WhiteRD "67"]
[BlackElo "1735"]
[BlackRD "50"]
[GameID "381896"]

1. c4 Nf6 2. Nf3 c5 3. Nc3 g6 4. e3 Bg7 5. d4 cxd4 6. exd4 O-O 7. Qb3 d6 8. Be2 a6 9. Be3 Nbd7 10. O-O Qb6
11. Qxb6 Nxb6 12. h3 Nfd7 13. Rfe1 e6 14. b3 e5 15. dxe5 dxe5 16. Rad1 e4 17. Nxe4 Re8 18. Nd6 Re6 19. Ng5 Bh6 20. Nxe6 Bxe3
21. Nc7 Bxf2+ 22. Kxf2
1-0

[Event "England Cricket Team Tribute"]
[Site "SchemingMind.com"]
[Date "2015.06.12"]
[Round "-"]
[White "Scooter"]
[Black "William Lindberg"]
[Result "0-1"]
[WhiteCountry "USA"]
[BlackCountry "USA"]
[WhiteElo "1712"]
[WhiteRD "45"]
[BlackElo "2209"]
[BlackRD "65"]
[GameID "381897"]

1. d4 d5 2. Nf3 Nf6 3. Bf4 Nc6 4. c3 h6 5. h3 Bf5 6. e3 e6 7. Bd3 Bd6 8. Bxd6 Qxd6 9. Bxf5 exf5 10. Nbd2 O-O
11. O-O Rfe8 12. Qc2 Ne4 13. Nh4 Qf6 14. Nhf3 Rad8 15. Rac1 a6 16. a3 Na5 17. b4 Nc4 18. Nxc4 dxc4 19. Ne5 Qe6 20. a4 f6
21. Ng6 Qf7 22. Nh4 Qh5 23. Nf3 Qf7 24. Nh4 Qh5 25. Nf3 Re7 26. Qa2 Nd6 27. Nd2 Qf7 28. Rfe1 Rde8 29. Re2 f4 30. Rce1 fxe3
31. Rxe3 Rxe3 32. Rxe3 Qh5 33. Rxe8+ Qxe8 34. Kf1 Qe6 35. Qb1 Kf7 36. Qe1 Qf5 37. Qe2 Qc2 38. Qh5+ Kf8
0-1

[Event "England Cricket Team Tribute"]
[Site "SchemingMind.com"]
[Date "2015.06.10"]
[Round "-"]
[White "frankly"]
[Black "William Lindberg"]
[Result "1/2-1/2"]
[WhiteCountry "ENG"]
[BlackCountry "USA"]
[WhiteElo "2436"]
[WhiteRD "60"]
[BlackElo "2209"]
[BlackRD "65"]
[GameID "381898"]

1. d4 d5 2. Nf3 Nf6 3. c4 e6 4. Nc3 Be7 5. Bf4 O-O 6. e3 Nc6 7. Rc1 h6 8. cxd5 Nxd5 9. Bg3 Nxc3 10. bxc3 b6
11. Bd3 Bd6 12. O-O Bb7 13. Bc2 Ba6 14. Re1 Qd7 15. Bb1 Rae8 16. c4 Bb7 17. c5 Bxg3 18. hxg3 Rb8 19. g4 Rfd8 20. Qe2 Ba8
21. g5 hxg5 22. Nxg5 f6 23. Nh3 Qf7 24. a3 Rd7 25. Nf4 f5 26. Ba2 Nd8 27. c6 Rd6 28. e4 fxe4 29. Qxe4 Bxc6 30. Qe3 Qf6
31. Qg3 Kf8 32. Ng6+ Kg8 33. d5 exd5 34. Ne7+ Kf8 35. Rc3 Re6 36. Rxe6 Qxe6 37. Nxc6 Nxc6 38. Re3 Qd7 39. Qh4 Ne7 40. Rf3+ Nf5
41. Qg4 g6 42. Qxg6 Re8 43. Rxf5+ Qxf5 44. Qxf5+ Ke7 45. Bxd5 Kd6 46. Qg6+ Kxd5 47. Qxe8 c5 48. g4 c4 49. g5 c3 50. g6 c2
51. g7 c1=Q+ 52. Kg2=
1/2-1/2

[Event "England Cricket Team Tribute"]
[Site "SchemingMind.com"]
[Date "2015.06.14"]
[Round "-"]
[White "emvarela"]
[Black "Robert Bruce"]
[Result "0-1"]
[WhiteCountry "ARG"]
[BlackCountry "SCO"]
[WhiteElo "1735"]
[WhiteRD "50"]
[BlackElo "2238"]
[BlackRD "63"]
[GameID "381904"]

1. e4 Nf6 2. e5 Nd5 3. d4 d6 4. Nf3 dxe5 5. dxe5 c6 6. Bd2 Bf5 7. Bc4 e6 8. Bxd5 cxd5 9. Nd4 Bg6 10. c3 Nd7
11. Qe2 Nc5 12. Qb5+ Qd7 13. Qxd7+ Kxd7 14. O-O Nd3 15. b4 a5 16. b5 Nxe5 17. Bf4 f6 18. Re1 Nd3 19. Rxe6 Nxf4 20. Re3 Bd6
21. Nd2 Nd3 22. N2f3 Bf4 23. Re2 Rhc8 24. Rc2 Ne5
0-1

[Event "England Cricket Team Tribute"]
[Site "SchemingMind.com"]
[Date "2015.06.11"]
[Round "-"]
[White "Scooter"]
[Black "Robert Bruce"]
[Result "0-1"]
[WhiteCountry "USA"]
[BlackCountry "SCO"]
[WhiteElo "1712"]
[WhiteRD "45"]
[BlackElo "2193"]
[BlackRD "64"]
[GameID "381905"]

1. d4 Nf6 2. Nf3 d5 3. Bf4 c5 4. e3 Nc6 5. c3 Qb6 6. Qb3 c4 7. Qxb6 axb6 8. Be2 b5 9. O-O e6 10. Nbd2 b4
11. Ne5 Nxe5 12. Bxe5 Nd7 13. Nf3 Nxe5 14. Nxe5 f6 15. Nf3 bxc3 16. bxc3 b5 17. Rfb1 Bd7 18. h3 Ra3 19. Rb2 Rxc3 20. Bd1 Kf7
21. Nd2 Bd6 22. Rc2 Rxc2 23. Bxc2 Ra8 24. Nb1 b4
0-1

[Event "England Cricket Team Tribute"]
[Site "SchemingMind.com"]
[Date "2015.06.09"]
[Round "-"]
[White "frankly"]
[Black "Robert Bruce"]
[Result "1-0"]
[WhiteCountry "ENG"]
[BlackCountry "SCO"]
[WhiteElo "2436"]
[WhiteRD "60"]
[BlackElo "2193"]
[BlackRD "64"]
[GameID "381906"]

1. d4 Nf6 2. Nf3 c5 3. d5 b5 4. Bg5 Ne4 5. Bh4 Bb7 6. a4 Qa5+ 7. Nbd2 Bxd5 8. axb5 Qc7 9. e3 Nxd2 10. Qxd2 e6
11. Be2 d6 12. Qa5 Qxa5+ 13. Rxa5 Be7 14. Bxe7 Kxe7 15. Kd2 Nd7 16. Rha1 h6 17. Ne1 Rhb8 18. Rxa7 Rxa7 19. Rxa7 Rb7 20. Ra5 Nb6
21. Ra6 e5 22. b3 e4 23. c4 Be6 24. Kc3 d5 25. f3 f5 26. Nc2 Bd7 27. fxe4 fxe4 28. b4 Kd6 29. cxd5 cxb4+ 30. Kxb4 Kxd5
31. Na3 Nc8 32. Bc4+ Ke5 33. Bb3 Nd6 34. Nc4+ Nxc4 35. Bxc4 h5 36. h4 Bf5 37. Kc5 Bc8 38. Rd6 Ra7 39. Rd5+ Kf6 40. b6 Ra3
41. Rd8 Bb7 42. Rd7 Bc8 43. Ra7 Rc3 44. Rc7 Ba6 45. Kb4 Rd3 46. Bxa6 Rd8 47. b7
1-0

[Event "England Cricket Team Tribute"]
[Site "SchemingMind.com"]
[Date "2015.06.10"]
[Round "-"]
[White "Robert Bruce"]
[Black "William Lindberg"]
[Result "0-1"]
[WhiteCountry "SCO"]
[BlackCountry "USA"]
[WhiteElo "2193"]
[WhiteRD "64"]
[BlackElo "2209"]
[BlackRD "65"]
[GameID "381907"]

1. d4 Nf6 2. Nf3 d5 3. e3 c5 4. Bd3 Bg4 5. Nbd2 c4 6. Be2 Nc6 7. O-O e6 8. h3 Bf5 9. Nh4 Bd6 10. Nxf5 exf5
11. c3 O-O 12. b3 b5 13. a4 b4 14. bxc4 bxc3 15. Nb1 dxc4 16. Nxc3 Rc8 17. Nb5 Bb8 18. Bxc4 a6 19. Na3 Qd6 20. f4 Nb4
21. Qb3 Ne4 22. Rb1 a5 23. Nb5 Qe7 24. Rb2 Rc6 25. Bd2 Nxd2 26. Rxd2 Rxc4 27. Qxc4 Qxe3+ 28. Rff2 Bxf4 29. Re2 Qg3 30. Rf3 Qh2+
31. Kf2 Bg5 32. Rxf5 Bh4+ 33. Ke3 Qg1+ 34. Kf3 Qf1+ 35. Kg4 h5+ 36. Rxh5 g5 37. Rxg5+ Bxg5 38. Kxg5 Kh7 39. Nd6 Rg8+ 40. Kh5 Rg7
41. Qb5 Rg6 42. Ne4 Nd3 43. Ng5+ Rxg5+ 44. Kxg5 Qxe2 45. Qf5+ Kg7 46. Qf6+ Kg8 47. Qd8+ Kh7 48. Qd5 Kg7 49. Kh4 Qf2+ 50. Kg4 Qf4+
51. Kh5 Qg3 52. Qg5+ Qxg5+ 53. Kxg5 Nb2 54. Kf5 Nxa4 55. Ke4 Nb6 56. g4 a4 57. Kd3 Kg6 58. h4 Nd5 59. Kc4 Ne3+ 60. Kb4 Nxg4
61. Kxa4 f5 62. Kb5 f4 63. Kc4 f3 64. Kd3 Kh5 65. d5 Kxh4 66. d6 Nf6 67. Ke3 Kg3 68. d7 Nxd7 69. Kd2 f2
0-1

[Event "England Cricket Team Tribute"]
[Site "SchemingMind.com"]
[Date "2015.06.15"]
[Round "-"]
[White "emvarela"]
[Black "Uzi Mike"]
[Result "0-1"]
[WhiteCountry "ARG"]
[BlackCountry "USA"]
[WhiteElo "1722"]
[WhiteRD "46"]
[BlackElo "2261"]
[BlackRD "85"]
[GameID "382100"]

1. e4 Nc6 2. d4 d5 3. Nc3 Nf6 4. exd5 Nxd5 5. Nxd5 Qxd5 6. Be3 Bf5 7. c3 O-O-O 8. Nf3 e5 9. dxe5 Qa5 10. Qb3 Nb4
11. Nd4 Rxd4 12. Bxd4 Nc2+ 13. Kd1 Nxa1 14. Qxf7 Bg6 15. Qe6+ Kb8 16. Bd3 Qa4+ 17. b3 Qxa2 18. Bxg6 Ba3 19. Bd3 Bc1 20. Be3 Bxe3
21. fxe3 Nxb3
0-1

[Event "England Cricket Team Tribute"]
[Site "SchemingMind.com"]
[Date "2015.06.15"]
[Round "-"]
[White "Uzi Mike"]
[Black "Scooter"]
[Result "1-0"]
[WhiteCountry "USA"]
[BlackCountry "USA"]
[WhiteElo "2195"]
[WhiteRD "88"]
[BlackElo "1712"]
[BlackRD "45"]
[GameID "382101"]

1. e4 c6 2. d4 d5 3. Nd2 dxe4 4. Nxe4 Bf5 5. Ng3 Bg6 6. h4 h6 7. Nf3 Nd7 8. h5 Bh7 9. Bd3 Bxd3 10. Qxd3 Qc7
11. Ne2 O-O-O 12. Bf4 Qb6 13. O-O-O Ngf6 14. Ne5 Nxe5 15. Bxe5 e6 16. Kb1 Be7 17. Qf3 Rhg8 18. c4 Ba3 19. Qxa3 Ne4 20. Qe3 Ng5
21. Bg3
1-0

[Event "England Cricket Team Tribute"]
[Site "SchemingMind.com"]
[Date "2015.06.12"]
[Round "-"]
[White "Uzi Mike"]
[Black "frankly"]
[Result "0-1"]
[WhiteCountry "USA"]
[BlackCountry "ENG"]
[WhiteElo "2237"]
[WhiteRD "83"]
[BlackElo "2460"]
[BlackRD "56"]
[GameID "382102"]

1. d4 Nf6 2. Nf3 d5 3. Bf4 Bf5 4. e3 e6 5. Bd3 Bd6 6. Bxd6 Qxd6 7. Bxf5 exf5 8. O-O O-O 9. Nbd2 c5 10. dxc5 Qxc5
11. Nb3 Qc7 12. Qd3 g6 13. Nbd4 Nbd7 14. c3 Kg7 15. Qc2 Nc5 16. Rfd1 Rfe8 17. Nb5 Qb6 18. Nbd4 Rac8 19. a4 a6 20. Ne2 Rcd8
21. a5 Qc7 22. Ned4 f4 23. exf4 Qxf4 24. Re1 Nce4 25. h3 Qc7 26. Qc1 h6 27. Ra3 Nd6 28. Ra2 Re4 29. Rd1= Rde8 30. Nd2 R4e7
31. Nf1 Nh5 32. Ra4 Ne4 33. Re1 Nf4 34. Qd1 Kh7 35. Ra1 Re5 36. Re3 Rg5 37. Rg3 Nxg3 38. fxg3 Nxh3+ 39. gxh3 Rxg3+ 40. Kh1 Rxh3+
41. Kg2 Qd7 42. Ne2 Rh4
0-1

[Event "England Cricket Team Tribute"]
[Site "SchemingMind.com"]
[Date "2015.06.12"]
[Round "-"]
[White "Uzi Mike"]
[Black "Robert Bruce"]
[Result "1/2-1/2"]
[WhiteCountry "USA"]
[BlackCountry "SCO"]
[WhiteElo "2261"]
[WhiteRD "85"]
[BlackElo "2271"]
[BlackRD "65"]
[GameID "382103"]

1. d4 d5 2. Bf4 Nf6 3. e3 c5 4. Nf3 Nc6 5. dxc5 e6 6. c4 Bxc5 7. Nc3 O-O 8. Be2 Qe7 9. O-O Rd8 10. Bg5 dxc4
11. Qa4 Bb4 12. Ne4 a6 13. Qc2 b5 14. b3 cxb3 15. Qxb3 Bb7 16. Bh4 Rac8 17. a3 Ba5 18. a4 b4 19. Qb2 e5 20. Nxf6+ gxf6
21. Nd2 Nb8 22. Nc4 Bc7 23. Bg4 Nd7 24. Qe2 Bd5 25. e4 Be6 26. Ne3 Bb6 27. Nf5 Qf8 28. a5 Bc5 29. Bh3 Be7 30. Rfb1 Rc4
31. Rb3 Kh8 32. Re1 Rdc8 33. Rbb1 Nc5 34. f3=
1/2-1/2

[Event "England Cricket Team Tribute"]
[Site "SchemingMind.com"]
[Date "2015.06.13"]
[Round "-"]
[White "Uzi Mike"]
[Black "William Lindberg"]
[Result "1/2-1/2"]
[WhiteCountry "USA"]
[BlackCountry "USA"]
[WhiteElo "2237"]
[WhiteRD "83"]
[BlackElo "2227"]
[BlackRD "67"]
[GameID "382104"]

1. e4 e5 2. Nf3 Nc6 3. Nc3 Nf6 4. Be2 d5 5. exd5 Nxd5 6. O-O Nxc3 7. dxc3 Qxd1 8. Rxd1 Bf5 9. Bd3 Bxd3 10. cxd3 f6
11. b4 O-O-O 12. Be3 Be7 13. Rab1 b6 14. Nh4 Rd7 15. b5 Na5 16. d4 Rhd8 17. Re1 Kb7 18. a4 Nc4 19. Nf5 Bd6 20. dxe5 fxe5
21. Ra1 h6 22. Bc1 Bc5 23. Ra2 Rf7 24. g4 h5 25. Kg2 Rd3 26. Rc2 hxg4 27. Re4 Rxf5 28. Rxc4 Rdf3 29. Be3 Bxe3 30. fxe3 Rxe3
31. Rxg4 Rf7 32. c4 Re1 33. c5 bxc5 34. Rxc5 e4 35. h3 e3 36. Re5 a6 37. Kg3 Rf6 38. bxa6+ Kxa6 39. Rge4 Rg1+ 40. Kh2 Rgg6
41. Rxe3=
1/2-1/2

[Event "England Cricket Team Tribute"]
[Site "SchemingMind.com"]
[Date "2015.07.03"]
[Round "-"]
[White "Phillip Beckett"]
[Black "emvarela"]
[Result "1/2-1/2"]
[WhiteCountry "ENG"]
[BlackCountry "ARG"]
[WhiteElo "1559"]
[WhiteRD "49"]
[BlackElo "1722"]
[BlackRD "46"]
[GameID "382845"]

1. e4 e5 2. Nf3 Nc6 3. Bb5 a6 4. Bxc6 dxc6 5. d4 exd4 6. Qxd4 Qxd4 7. Nxd4 Bc5 8. Nb3 Bb6 9. c3 Nf6 10. f3 O-O
11. Bf4 Be6 12. N1d2 Rad8 13. O-O-O Bxb3 14. Nxb3 h6 15. Rxd8 Rxd8 16. Rd1 Rxd1+ 17. Kxd1 g5 18. Bg3 Nd7 19. Ke2 f6 20. Bf2 Bxf2
21. Kxf2 Kf7 22. Nd4 Nc5 23. Nf5 Nd3+ 24. Ke3 Nxb2 25. Nxh6+ Kg6 26. Ng4 Nc4+ 27. Kd3 Nd6 28. Ne3 f5 29. exf5+ Nxf5 30. Nxf5 Kxf5
31. Kd4 b6 32. Ke3 c5 33. a4 b5 34. axb5 axb5 35. Kd3 c4+ 36. Kd4 Kf4 37. Kc5 c6 38. Kd4 g4 39. fxg4 Kxg4 40. Kc5 Kh4
41. Kb4 Kg4=
1/2-1/2

[Event "England Cricket Team Tribute"]
[Site "SchemingMind.com"]
[Date "2015.07.01"]
[Round "-"]
[White "frankly"]
[Black "Phillip Beckett"]
[Result "1-0"]
[WhiteCountry "ENG"]
[BlackCountry "ENG"]
[WhiteElo "2436"]
[WhiteRD "60"]
[BlackElo "1589"]
[BlackRD "49"]
[GameID "382846"]

1. d4 d5 2. Nf3 Nf6 3. c4 e6 4. Nc3 Be7 5. Bf4 c6 6. e3 O-O 7. h3 Nbd7 8. Qc2 Re8 9. Rc1 Nf8 10. Bd3 dxc4
11. Bxc4 Bd6 12. Bxd6 Qxd6 13. O-O N6d7 14. Ne4 Qe7 15. Ne5 Nxe5 16. dxe5 Ng6 17. f4 Bd7 18. Nd6 Reb8 19. Rfd1 b5 20. Bd3 a5
21. Be4 Nf8 22. Bxc6 Bxc6 23. Qxc6 Qd7 24. Qxd7 Nxd7 25. Nxf7 Kxf7 26. Rxd7+ Kf8 27. Rcc7 b4 28. Rxg7 b3 29. Rcf7+ Ke8 30. f5 exf5
31. e6
1-0

[Event "England Cricket Team Tribute"]
[Site "SchemingMind.com"]
[Date "2015.07.06"]
[Round "-"]
[White "Phillip Beckett"]
[Black "Uzi Mike"]
[Result "0-1"]
[WhiteCountry "ENG"]
[BlackCountry "USA"]
[WhiteElo "1543"]
[WhiteRD "50"]
[BlackElo "2237"]
[BlackRD "83"]
[GameID "382847"]

1. e4 c5 2. Nf3 Nc6 3. d4 cxd4 4. Nxd4 e5 5. Nb5 d6 6. N1c3 a6 7. Na3 Nf6 8. Bg5 Be7 9. Bxf6 Bxf6 10. Nd5 Be6
11. c4 Bxd5 12. cxd5 Nd4 13. Rc1 Qa5+ 14. Qd2 Qxd2+ 15. Kxd2 Bg5+
0-1

[Event "England Cricket Team Tribute"]
[Site "SchemingMind.com"]
[Date "2015.07.06"]
[Round "-"]
[White "Phillip Beckett"]
[Black "Scooter"]
[Result "0-1"]
[WhiteCountry "ENG"]
[BlackCountry "USA"]
[WhiteElo "1589"]
[WhiteRD "49"]
[BlackElo "1712"]
[BlackRD "45"]
[GameID "382848"]

1. e4 c6 2. d4 d5 3. Nc3 dxe4 4. Nxe4 Bf5 5. Ng3 Bg6 6. c3 Nd7 7. Bd3 Qc7 8. Be3 Bxd3 9. Qxd3 O-O-O 10. O-O-O e6
11. Kb1 Ngf6 12. Qd2 h6 13. Bf4 Bd6 14. Bxd6 Qxd6 15. Nf3 Ng4 16. h3 Nge5 17. Nxe5 Nxe5 18. Qe3 Nc4 19. Qc1 Qc7 20. Ne4 Nd6
21. Nxd6+ Qxd6 22. g3 Rd7 23. Rhe1 Rhd8 24. Qc2 e5 25. dxe5 Qxd1+ 26. Rxd1 Rxd1+
0-1

[Event "England Cricket Team Tribute"]
[Site "SchemingMind.com"]
[Date "2015.07.02"]
[Round "-"]
[White "Robert Bruce"]
[Black "Phillip Beckett"]
[Result "1-0"]
[WhiteCountry "SCO"]
[BlackCountry "ENG"]
[WhiteElo "2193"]
[WhiteRD "64"]
[BlackElo "1589"]
[BlackRD "49"]
[GameID "382849"]

1. f4 e5 2. fxe5 d6 3. exd6 Bxd6 4. Nf3 g5 5. g3 g4 6. Nh4 Ne7 7. d4 Ng6 8. Nxg6 hxg6 9. Qd3 Bf5 10. e4 Qe7
11. Bg2 Nc6 12. c3 O-O-O 13. Be3 Bd7 14. Nd2 f5 15. O-O-O fxe4 16. Bxe4 Kb8 17. Nc4 Rde8 18. Bxg6 Reg8 19. Rde1 Qf6 20. Be4 Rh3
21. Rhf1 Qh8 22. Nxd6 cxd6 23. Bf4 Rxh2 24. Bxd6+ Kc8 25. Qc4 Qh6+ 26. Bf4 Qh3 27. Bxc6 Bxc6 28. Qxg8+ Kd7 29. Qe8#
1-0

[Event "England Cricket Team Tribute"]
[Site "SchemingMind.com"]
[Date "2015.07.02"]
[Round "-"]
[White "William Lindberg"]
[Black "Phillip Beckett"]
[Result "1-0"]
[WhiteCountry "USA"]
[BlackCountry "ENG"]
[WhiteElo "2209"]
[WhiteRD "65"]
[BlackElo "1589"]
[BlackRD "49"]
[GameID "382850"]

1. Nf3 Nf6 2. d4 d5 3. c4 e6 4. Nc3 Be7 5. Bf4 c6 6. e3 Nbd7 7. Bd3 O-O 8. cxd5 Re8 9. dxe6 fxe6 10. Qc2 Nd5
11. Nxd5 exd5 12. Bxh7+ Kh8 13. h4 Nf6 14. Bg6 Rf8 15. h5 Ne4 16. h6 gxh6 17. Rxh6+ Kg7 18. Bxe4 Bf6 19. Rh7+ Kg8 20. Bxd5+ cxd5
21. Qg6+ Bg7 22. Qxg7#
1-0

[Event "England Cricket Team Tribute"]
[Site "SchemingMind.com"]
[Date "2015.07.05"]
[Round "-"]
[White "Stephen Woodhouse"]
[Black "emvarela"]
[Result "1-0"]
[WhiteCountry "ENG"]
[BlackCountry "ARG"]
[WhiteElo "1881"]
[WhiteRD "49"]
[BlackElo "1741"]
[BlackRD "50"]
[GameID "382938"]

1. e4 e5 2. Nf3 Nc6 3. d4 exd4 4. Nxd4 Nxd4 5. Qxd4 Qf6 6. Be3 Qxd4 7. Bxd4 f6 8. Nc3 Bb4 9. O-O-O Bxc3 10. Bxc3 d6
11. Bc4 Ne7 12. f4 Nc6 13. Rhe1 Bd7 14. e5 dxe5 15. fxe5 fxe5 16. Bxe5 O-O-O 17. Bxg7 Rhe8 18. Bc3 Rxe1 19. Rxe1 Re8 20. Rxe8+ Bxe8
21. g4 a6 22. g5 b5 23. Bd3 Bg6 24. h4 Bxd3 25. cxd3 Kd7 26. h5 Ne7 27. Kd2 Ke6 28. Ke3 Nd5+ 29. Ke4 c5 30. g6 hxg6
31. hxg6 Ne7 32. g7 b4 33. Be5 a5 34. b3 Kf7 35. Bd6 Nc8 36. Bxc5 Kxg7 37. Kd5 Kf6 38. Kc6 Ke6 39. Kc7
1-0

[Event "England Cricket Team Tribute"]
[Site "SchemingMind.com"]
[Date "2015.07.07"]
[Round "-"]
[White "Stephen Woodhouse"]
[Black "Uzi Mike"]
[Result "0-1"]
[WhiteCountry "ENG"]
[BlackCountry "USA"]
[WhiteElo "1854"]
[WhiteRD "48"]
[BlackElo "2237"]
[BlackRD "83"]
[GameID "382939"]

1. e4 e5 2. Nf3 Nc6 3. d4 exd4 4. Nxd4 Bc5 5. Be3 Qf6 6. c3 Nge7 7. Bc4 Ne5 8. Be2 d5 9. O-O O-O 10. f4 N5c6
11. e5 Qh4 12. Qd2 Bg4 13. Bd3 Bb6 14. Nxc6 bxc6 15. Bxb6 axb6 16. Qf2 Qxf2+ 17. Rxf2 Bf5 18. Bxf5 Nxf5 19. Nd2 h5 20. a3 Ra4
21. g3 c5 22. Nf3 d4 23. Rc1 Rc8 24. Rd2 Rc4 25. b3 Rxc3 26. Rxc3 dxc3 27. Rd3 c2 28. Rc3 Rd8 29. Rxc2 Rd3 30. Nd2 Nd4
31. Rb2 Rxd2 32. Rxd2 Nf3+
0-1

[Event "England Cricket Team Tribute"]
[Site "SchemingMind.com"]
[Date "2015.07.04"]
[Round "-"]
[White "Stephen Woodhouse"]
[Black "Phillip Beckett"]
[Result "1-0"]
[WhiteCountry "ENG"]
[BlackCountry "ENG"]
[WhiteElo "1872"]
[WhiteRD "48"]
[BlackElo "1589"]
[BlackRD "49"]
[GameID "382940"]

1. e4 e5 2. Nf3 Nc6 3. d4 exd4 4. Nxd4 Bc5 5. Be3 Qf6 6. c3 Nge7 7. Bc4 d6 8. O-O Nxd4 9. Bxd4 Bxd4 10. Qxd4 Qxd4
11. cxd4 O-O 12. Nc3 Be6 13. Bxe6 fxe6 14. Nb5 Rfc8 15. Rac1 a6 16. Nxc7 Rab8 17. Nxe6 Rxc1 18. Rxc1 Nc6 19. d5 Ne5 20. Rc7 b5
21. Nxg7 b4 22. Nf5 Nd3 23. b3
1-0

[Event "England Cricket Team Tribute"]
[Site "SchemingMind.com"]
[Date "2015.07.06"]
[Round "-"]
[White "Scooter"]
[Black "Stephen Woodhouse"]
[Result "0-1"]
[WhiteCountry "USA"]
[BlackCountry "ENG"]
[WhiteElo "1712"]
[WhiteRD "45"]
[BlackElo "1872"]
[BlackRD "48"]
[GameID "382941"]

1. d4 e6 2. Nf3 f5 3. Bg5 Be7 4. Bxe7 Qxe7 5. c3 b6 6. e3 Nf6 7. Be2 O-O 8. O-O Bb7 9. Nbd2 d6 10. Bc4 Kh8
11. Ng5 Bd5 12. Bxd5 Nxd5 13. Qf3 Nd7 14. Qg3 Rf6 15. e4 Rg6 16. exd5 Rxg5 17. Qh4 Rxg2+
0-1

[Event "England Cricket Team Tribute"]
[Site "SchemingMind.com"]
[Date "2015.07.03"]
[Round "-"]
[White "frankly"]
[Black "Stephen Woodhouse"]
[Result "1-0"]
[WhiteCountry "ENG"]
[BlackCountry "ENG"]
[WhiteElo "2436"]
[WhiteRD "60"]
[BlackElo "1872"]
[BlackRD "48"]
[GameID "382942"]

1. e4 e6 2. d4 d5 3. Nc3 Nf6 4. exd5 exd5 5. Nf3 Bf5 6. Bd3 Bxd3 7. Qxd3 Bd6 8. Qb5+ Nbd7 9. O-O O-O 10. Nxd5 Nb6
11. Nxf6+ Qxf6 12. c4 c6 13. Qb3 Bf4 14. Bxf4 Qxf4 15. c5 Nd5 16. Qxb7
1-0

[Event "England Cricket Team Tribute"]
[Site "SchemingMind.com"]
[Date "2015.07.03"]
[Round "-"]
[White "Robert Bruce"]
[Black "Stephen Woodhouse"]
[Result "1-0"]
[WhiteCountry "SCO"]
[BlackCountry "ENG"]
[WhiteElo "2193"]
[WhiteRD "64"]
[BlackElo "1872"]
[BlackRD "48"]
[GameID "382943"]

1. d4 e6 2. Nf3 d5 3. c4 c5 4. cxd5 exd5 5. g3 Nc6 6. Bg2 Nf6 7. O-O Be7 8. dxc5 Bxc5 9. Bg5 Be7 10. Nc3 d4
11. Nb5 O-O 12. Nbxd4 Nxd4 13. Qxd4 Be6 14. Rfd1 h6 15. Be3 Nd5 16. Ne5 Nf6 17. Bxb7 Qxd4 18. Bxd4 Rab8 19. Bf3 a5 20. Nc6
1-0

[Event "England Cricket Team Tribute"]
[Site "SchemingMind.com"]
[Date "2015.07.04"]
[Round "-"]
[White "William Lindberg"]
[Black "Stephen Woodhouse"]
[Result "1-0"]
[WhiteCountry "USA"]
[BlackCountry "ENG"]
[WhiteElo "2209"]
[WhiteRD "65"]
[BlackElo "1872"]
[BlackRD "48"]
[GameID "382944"]

1. d4 e6 2. e4 d5 3. Nc3 Nf6 4. Bg5 dxe4 5. Nxe4 Be7 6. Bxf6 Bxf6 7. Nf3 O-O 8. Bc4 Nd7 9. O-O e5 10. dxe5 Nxe5
11. Nxe5 Bxe5 12. Bxf7+ Kxf7 13. Qh5+ Kg8 14. Qxe5 Bf5 15. Rad1 Qe8 16. Qd5+ Qf7 17. Nf6+ gxf6 18. Qxf5 Rad8 19. h4 Kh8 20. Rfe1 Rg8
21. h5 Qg7 22. g3 Qg5 23. Qxg5 fxg5 24. Rxd8 Rxd8 25. Re7 Rd1+ 26. Kg2 Rb1 27. h6 Kg8 28. b3 Rb2 29. Rg7+ Kf8 30. Rxc7 Rxa2
31. Rxh7
1-0